000 00658nam a2200193 4500
008 010119s1999 -hk 0 chiYA
020 _a9622083870
090 _aBS498.C5
_bT44
_bPsaI
100 1 _a張國定 Cheung, Aron K. T.
245 1 0 _a詩篇(卷一)(平裝) Psalms (I) ch /=
_b張國定
_cby Aaron K.T. Cheung
260 _aKowloon, Hongkong :
_b天道 Tien Dao Publishing,
_cc1999.
300 _axiii, 620 p.
490 1 _aTien Dao Bible commentary
504 _aIncludes bibliographical references.
650 4 _aBible
_xCommentaries
_xCollected works {ch}
650 4 _aBible. O.T. Psalms
_xCommentaries {ch}
999 _c635
_d635
942 0 0 _02